[Event "TUR-chT Clubs"]
[Site "Konya"]
[Date "2019.07.20"]
[Round "8.5"]
[White "Cingoz, Ozan"]
[Black "Benk, Tolga Tugay"]
[Result "1-0"]
[WhiteElo "2030"]
[BlackElo "1844"]
[PlyCount "67"]
[EventDate "2019.07.16"]
[EventType "team-swiss"]
[EventRounds "9"]
[EventCountry "TUR"]
[SourceTitle "CBM 191 Extra"]
[Source "ChessBase"]
[SourceDate "2019.09.30"]
[SourceVersion "1"]
[SourceVersionDate "2019.09.30"]
[SourceQuality "1"]
[WhiteTeam "Goztepe Dernegi"]
[BlackTeam "Krater Genclik"]
[WhiteTeamCountry "TUR"]
[BlackTeamCountry "TUR"]

1. d4 Nf6 2. Nf3 e6 3. g3 b6 4. Bg2 Bb7 5. 0-0 Be7 6. c4 d5 7. Nc3 0-0 8. cxd5 exd5 9. Bf4 Nbd7 10. Rc1 a6 11. Qc2 Rc8 12. Rfd1 Re8 13. Ne5 Nf8 14. Na4 Bd6 15. Nd3 Ne6 16. e3 Re7 17. Bxd6 Qxd6 18. Qb3 Rce8 19. Nc3 Rd8 20. Rc2 h5 21. Rdc1 h4 22. Ne2 hxg3 23. hxg3 Ng5 24. Nef4 Ng4 25. Qb4 Nf6 26. Qxd6 cxd6 27. Nb4 Nge4 28. Nc6 Bxc6 29. Rxc6 g5 30. Nd3 Rb8 31. Rc8+ Re8 32. Rxe8+ Rxe8 33. Rc6 Rb8 34. Nb4 1-0

[Event "TUR Cup"]
[Site "Antalya"]
[Date "2017.02.03"]
[Round "10"]
[White "Sevgi, Volkan"]
[Black "Benk, Tolga Tugay"]
[Result "1-0"]
[WhiteElo "2297"]
[BlackElo "1877"]
[PlyCount "77"]
[EventDate "2017.01.28"]
[EventType "swiss"]
[EventRounds "11"]
[EventCountry "TUR"]
[SourceTitle "CBM 176 Extra"]
[Source "ChessBase"]
[SourceDate "2017.03.02"]
[SourceVersion "1"]
[SourceVersionDate "2017.03.02"]
[SourceQuality "1"]

1. Nf3 Nf6 2. c4 e6 3. Nc3 Bb4 4. Qb3 Bxc3 5. Qxc3 0-0 6. b3 Ne4 7. Qc2 f5 8. d3 Nf6 9. Bb2 Nc6 10. g3 Qe7 11. d4 d6 12. Bg2 Bd7 13. 0-0 e5 14. dxe5 dxe5 15. Rad1 e4 16. Nd4 Nxd4 17. Bxd4 c5 18. Bb2 Rad8 19. Qd2 Be6 20. Qf4 Rxd1 21. Rxd1 Rd8 22. Rxd8+ Qxd8 23. Qe5 Qc8 24. f3 exf3 25. Bxf3 b6 26. a4 Qd7 27. Qb8+ Kf7 28. Bxf6 Kxf6 29. Kg2 Bf7 30. h4 Be6 31. a5 bxa5 32. Qf8+ Qf7 33. Qxc5 a4 34. bxa4 Bxc4 35. Qd4+ Kg6 36. h5+ Kh6 37. Qf4+ g5 38. Qd6+ Kg7 39. h6+ 1-0

[Event "TUR Cup"]
[Site "Antalya"]
[Date "2017.01.31"]
[Round "5"]
[White "Baylav, Bartu"]
[Black "Benk, Tolga Tugay"]
[Result "0-1"]
[WhiteElo "1645"]
[BlackElo "1877"]
[PlyCount "42"]
[EventDate "2017.01.28"]
[EventType "swiss"]
[EventRounds "11"]
[EventCountry "TUR"]
[SourceTitle "CBM 176 Extra"]
[Source "ChessBase"]
[SourceDate "2017.03.02"]
[SourceVersion "1"]
[SourceVersionDate "2017.03.02"]
[SourceQuality "1"]

1. e4 c6 2. d4 d5 3. Nd2 dxe4 4. Nxe4 Nf6 5. Ng3 h5 6. h4 Bg4 7. Be2 Qc7 8. Nh3 Bxh3 9. Rxh3 Nbd7 10. Nxh5 Nxh5 11. Bxh5 Qa5+ 12. Bd2 Qxh5 13. g4 Qd5 14. Kf1 0-0-0 15. b3 e5 16. Bg5 f6 17. c4 Qxd4 18. Rd3 Qe4 19. f3 Qg6 20. Be3 Bc5 21. h5 Qh7 0-1

[Event "TUR Cup"]
[Site "Antalya"]
[Date "2017.01.31"]
[Round "6"]
[White "Yasin, Hur"]
[Black "Benk, Tolga Tugay"]
[Result "1-0"]
[WhiteElo "2087"]
[BlackElo "1877"]
[PlyCount "69"]
[EventDate "2017.01.28"]
[EventType "swiss"]
[EventRounds "11"]
[EventCountry "TUR"]
[SourceTitle "CBM 176 Extra"]
[Source "ChessBase"]
[SourceDate "2017.03.02"]
[SourceVersion "1"]
[SourceVersionDate "2017.03.02"]
[SourceQuality "1"]

1. Nf3 Nf6 2. c4 e6 3. b3 b6 4. g3 Bb7 5. Bg2 d5 6. Bb2 Nbd7 7. Ne5 Nxe5 8. Bxe5 Bd6 9. Bb2 0-0 10. 0-0 c5 11. Nc3 Qe7 12. cxd5 Nxd5 13. Nxd5 exd5 14. d4 c4 15. bxc4 dxc4 16. d5 Rac8 17. Rc1 b5 18. e4 Ba3 19. Qd2 Bxb2 20. Qxb2 Qc5 21. Rc2 Rc7 22. Rb1 a6 23. a4 bxa4 24. Qb4 Qxb4 25. Rxb4 a3 26. Ra4 Rc5 27. Rxa3 f5 28. f3 g6 29. Rac3 Rfc8 30. Kf2 Bxd5 31. exd5 Rxd5 32. Bf1 Kg7 33. Rxc4 Rxc4 34. Bxc4 Ra5 35. Ra2 1-0

[Event "Mersin op 1st"]
[Site "Mersin"]
[Date "2016.10.24"]
[Round "3"]
[White "Benk, Tolga Tugay"]
[Black "Guliev, Logman"]
[Result "0-1"]
[WhiteElo "1894"]
[BlackElo "2373"]
[PlyCount "50"]
[EventDate "2016.10.23"]
[EventType "swiss"]
[EventRounds "9"]
[EventCountry "TUR"]
[SourceTitle "EXT 2018"]
[Source "ChessBase"]
[SourceDate "2017.10.13"]
[SourceVersion "1"]
[SourceVersionDate "2017.10.13"]
[SourceQuality "1"]

1. d4 Nf6 2. c4 e6 3. Nc3 Bb4 4. Qc2 d5 5. cxd5 exd5 6. Bg5 h6 7. Bxf6 Qxf6 8. Qa4+ Nc6 9. e3 0-0 10. Bb5 Qg6 11. Nge2 Qxg2 12. Rg1 Bxc3+ 13. bxc3 Qxh2 14. Bxc6 bxc6 15. Qxc6 Be6 16. Rb1 Rab8 17. Rb4 a5 18. Rb7 Rxb7 19. Qxb7 c6 20. Rg3 Qh1+ 21. Kd2 Bf5 22. Qc7 Qb1 23. Qe5 Qxa2+ 24. Ke1 Qb1+ 25. Kd2 Bg6 0-1

[Event "Kahramanmaras op 7th"]
[Site "Kahramanmaras"]
[Date "2016.04.05"]
[Round "3.8"]
[White "Benk, Tolga Tugay"]
[Black "Ozenir, Ekin Baris"]
[Result "0-1"]
[WhiteElo "1888"]
[BlackElo "2054"]
[PlyCount "84"]
[EventDate "2016.04.04"]
[EventType "swiss"]
[EventRounds "9"]
[EventCountry "TUR"]
[SourceTitle "EXT 2018"]
[Source "ChessBase"]
[SourceDate "2017.10.13"]
[SourceVersion "1"]
[SourceVersionDate "2017.10.13"]
[SourceQuality "1"]

1. d4 Nf6 2. c4 e6 3. Nc3 Bb4 4. Qc2 c5 5. dxc5 Bxc5 6. e3 0-0 7. Nf3 b6 8. Be2 Bb7 9. 0-0 Nc6 10. a3 a6 11. Rd1 Qc7 12. b3 Rac8 13. Bb2 Rfe8 14. Rac1 Bf8 15. Qb1 Qb8 16. Na4 Ba8 17. Bxf6 gxf6 18. Qb2 Ne5 19. Nxe5 fxe5 20. Rxd7 b5 21. cxb5 axb5 22. Nc3 Bc6 23. Rdd1 Qb7 24. Bf1 f6 25. b4 Bg7 26. Qe2 Rb8 27. Rb1 Rec8 28. Rd6 Qe7 29. Rbd1 Kh8 30. Qh5 Be8 31. Qh3 Rxc3 32. Rxe6 Qf7 33. Red6 Rxa3 34. Bd3 Qh5 35. Bxb5 Qxh3 36. gxh3 Bxb5 37. Rd8+ Rxd8 38. Rxd8+ Bf8 39. Rxf8+ Kg7 40. Rb8 Bc6 41. Kf1 Bf3 42. Ke1 Rd3 0-1

[Event "Manavgat Turkey Cup"]
[Site "Manavgat"]
[Date "2016.02.05"]
[Round "10"]
[White "Samani, Yamac"]
[Black "Benk, Tolga Tugay"]
[Result "1-0"]
[WhiteElo "2076"]
[BlackElo "1863"]
[PlyCount "33"]
[EventDate "2016.01.30"]
[EventType "swiss"]
[EventRounds "11"]
[EventCountry "TUR"]
[SourceTitle "CBM 170 Extra"]
[Source "ChessBase"]
[SourceDate "2016.02.25"]
[SourceVersion "1"]
[SourceVersionDate "2016.02.25"]
[SourceQuality "1"]

1. e4 c6 2. d4 d5 3. Nc3 dxe4 4. Nxe4 Nf6 5. Nxf6+ gxf6 6. c3 Bf5 7. Nf3 e6 8. g3 Qd5 9. Bg2 Qc4 10. Nh4 Qd3 11. Nxf5 Qxf5 12. Qb3 b6 13. 0-0 Bd6 14. Re1 0-0 15. a4 Rc8 16. Re4 Qg6 17. Rxe6 1-0

[Event "Troya op 23rd"]
[Site "Canakkale"]
[Date "2015.08.13"]
[Round "7"]
[White "Benk, Tolga Tugay"]
[Black "Sahin, Ozgun"]
[Result "0-1"]
[WhiteElo "1807"]
[BlackElo "2115"]
[PlyCount "52"]
[EventDate "2015.08.08"]
[EventType "swiss"]
[EventRounds "9"]
[EventCountry "TUR"]
[SourceTitle "CBM 167 Extra"]
[Source "ChessBase"]
[SourceDate "2015.09.14"]
[SourceVersion "1"]
[SourceVersionDate "2015.09.14"]
[SourceQuality "1"]

1. d4 Nf6 2. c4 e5 3. e3 exd4 4. exd4 Bb4+ 5. Bd2 Bxd2+ 6. Nxd2 0-0 7. Bd3 d5 8. c5 Re8+ 9. Ne2 Nc6 10. 0-0 Bg4 11. f3 Qe7 12. Bb5 Qe3+ 13. Rf2 Bd7 14. Nf1 Qh6 15. Bxc6 Bxc6 16. Qc1 Qxc1 17. Rxc1 Re7 18. Nc3 a5 19. g4 Rae8 20. b3 Nd7 21. a3 b6 22. b4 axb4 23. axb4 Nf8 24. Ng3 Re3 25. Nf5 Rd3 26. Re2 Rxc3 0-1

[Event "Troya op 23rd"]
[Site "Canakkale"]
[Date "2015.08.12"]
[Round "6"]
[White "Metin, Oguz"]
[Black "Benk, Tolga Tugay"]
[Result "1/2-1/2"]
[WhiteElo "2182"]
[BlackElo "1807"]
[PlyCount "84"]
[EventDate "2015.08.08"]
[EventType "swiss"]
[EventRounds "9"]
[EventCountry "TUR"]
[SourceTitle "CBM 167 Extra"]
[Source "ChessBase"]
[SourceDate "2015.09.14"]
[SourceVersion "1"]
[SourceVersionDate "2015.09.14"]
[SourceQuality "1"]

1. d4 Nf6 2. c4 e6 3. Nf3 b6 4. a3 Be7 5. Nc3 Bb7 6. Qc2 c5 7. dxc5 Bxc5 8. b4 Be7 9. e4 a5 10. b5 d5 11. cxd5 exd5 12. e5 Ne4 13. Bd3 Nxc3 14. Qxc3 Nd7 15. Bf5 Nc5 16. 0-0 0-0 17. Rd1 g6 18. Bh3 f5 19. Bh6 Re8 20. Nd4 Bg5 21. Bxg5 Qxg5 22. Nc6 Rac8 23. Rxd5 Bxc6 24. bxc6 Rxc6 25. g3 Rec8 26. Rc1 Nd3 27. Qxc6 Rxc6 28. Rxc6 Qd2 29. Rd8+ Kg7 30. Rd7+ Kh6 31. Rxd3 Qxd3 32. Rxb6 Qd1+ 33. Bf1 Qe1 34. e6 Kg5 35. Ra6 Kf6 36. a4 g5 37. Ra8 h5 38. Rf8+ Kg6 39. Rg8+ Kf6 40. Rf8+ Kg6 41. Rg8+ Kf6 42. Rf8+ Kg6 1/2-1/2